000
00213nam a2200097Ia 4500
008
191206s9999 xx 000 0 und d
020
_a
9.78E+12
090
_a
PR6023.E833
245
0
_a
UNDER MY SKIN
260
_c
c1994
999
_c
17233
_d
17233